| 000 | 00489nam a2200157Ia 4500 | ||
|---|---|---|---|
| 008 | 210716s2012 xx 000 0 und d | ||
| 020 | _a9788132108733 | ||
| 041 | _aeng | ||
| 082 | _a658.406 CAWT | ||
| 100 | _aCawsey, Tupper F;Deszca, Gene;Ingols, Cynthia. | ||
| 245 |
_aOrganizational change: an action oriented toolkit. _bAction oriented toolkit. |
||
| 250 | _a2 | ||
| 260 |
_aNew Delhi _bSage Publications _c2012 |
||
| 300 | _axv,492 | ||
| 650 | _aOrganizational Development & Change | ||
| 999 |
_c208026 _d208026 |
||